000 00674nam a22001937a 4500
005 20251108173233.0
008 250721s2006 xx 000 0 ara d
082 1 4 _a818.02/عزة
100 1 _aالعزة، محمد حسين
245 1 0 _aقصص الأمثال و روائع الأشعار العربية(لكل مثل قصة نسيت وعبرة بقيت) /
264 1 _aعمان :
_bدار عالم الثقافة للنشر والتوزيع،
_c2006.
300 _a144ص
650 1 7 _aالأدب العربي
650 1 7 _aالمنوعات الأدبية
650 1 7 _aالشعر الأدبي
650 1 7 _aالأمثال
942 _2ddc
_cBK
999 _c99251
_d99251